[Event "US Open-88"]
[Site "Portland"]
[Date "1987.08.10"]
[Round "8"]
[White "Gregor, Tom"]
[Black "Moody, David"]
[Result "1/2-1/2"]
[WhiteElo "1884"]
[BlackElo "2083"]
[PlyCount "62"]
[EventDate "1987.08.02"]
[EventType "swiss"]
[EventRounds "12"]
[EventCountry "USA"]
[SourceTitle "EXT 1997"]
[Source "ChessBase"]
[SourceDate "1996.11.15"]
[SourceVersion "1"]
[SourceVersionDate "1996.11.15"]
[SourceQuality "1"]

1. e4 e5 2. Nf3 Nc6 3. Bc4 Nf6 4. 0-0 Bc5 5. Nc3 d6 6. h3 h6 7. d3 Be6 8. Bb5 Qe7 9. Be3 Bb6 10. d4 exd4 11. Nxd4 Bd7 12. Nd5 Qxe4 13. Nxf6+ gxf6 14. Nxc6 Bxc6 15. Bxc6+ Qxc6 16. Bxb6 axb6 17. Re1+ Kf8 18. Qd3 Ra5 19. Re2 Rg5 20. g3 h5 21. h4 Rg4 22. Rae1 Rhg8 23. Qh7 Rxg3+ 24. fxg3 Rxg3+ 25. Kh2 Rh3+ 26. Kxh3 Qf3+ 27. Kh2 Qf4+ 28. Kg1 Qg3+ 29. Rg2 Qxe1+ 30. Kh2 Qxh4+ 31. Kg1 Qe1+ 1/2-1/2